[Event "Blitz 2018"]
[Site "Saint-Petersburg"]
[Date "2018.12.29"]
[Round "9"]
[Board "53"]
[White "Tang Andrew (USA)"]
[Black "Jakovenko Dmitry (RUS)"]
[Result "1/2-1/2"]
[LiveChessVersion "1.4.8"]
[BlackElo "2616"]
[WhiteElo "2501"]

1. d4 {[%clk 0:03:02]} Nf6 {[%clk 0:03:04]} 2. c4 {[%clk 0:03:03]} e6
{[%clk 0:03:05]} 3. Nc3 {[%clk 0:03:03]} Bb4 {[%clk 0:03:06]} 4. Qc2
{[%clk 0:03:04]} d6 {[%clk 0:02:58]} 5. Nf3 {[%clk 0:02:55]} O-O {[%clk 0:02:57]}
6. g3 {[%clk 0:02:55]} b6 {[%clk 0:02:55]} 7. Bg2 {[%clk 0:02:55]} Bb7
{[%clk 0:02:56]} 8. O-O {[%clk 0:02:55]} Bxc3 {[%clk 0:02:55]} 9. Qxc3
{[%clk 0:02:55]} Nbd7 {[%clk 0:02:53]} 10. b4 {[%clk 0:02:49]} Qc8
{[%clk 0:02:48]} 11. a4 {[%clk 0:02:37]} a5 {[%clk 0:02:48]} 12. b5
{[%clk 0:02:38]} Be4 {[%clk 0:02:44]} 13. Rd1 {[%clk 0:02:36]} Qb7
{[%clk 0:02:45]} 14. Bh3 {[%clk 0:02:29]} Rfe8 {[%clk 0:02:25]} 15. Nd2
{[%clk 0:02:21]} Bg6 {[%clk 0:01:40]} 16. Bg2 {[%clk 0:02:18]} Ne4
{[%clk 0:01:41]} 17. Qe3 {[%clk 0:02:15]} d5 {[%clk 0:01:41]} 18. Nxe4
{[%clk 0:02:12]} Bxe4 {[%clk 0:01:41]} 19. c5 {[%clk 0:01:46]} Nf6
{[%clk 0:01:35]} 20. f3 {[%clk 0:01:33]} Bg6 {[%clk 0:01:35]} 21. c6
{[%clk 0:01:32]} Qc8 {[%clk 0:01:35]} 22. Ba3 {[%clk 0:01:32]} h6
{[%clk 0:01:32]} 23. Qc3 {[%clk 0:01:32]} Qd8 {[%clk 0:01:27]} 24. Re1
{[%clk 0:01:32]} Nh7 {[%clk 0:01:23]} 25. e4 {[%clk 0:01:32]} f5 {[%clk 0:00:46]}
26. exd5 {[%clk 0:01:22]} Qxd5 {[%clk 0:00:31]} 27. Re5 {[%clk 0:01:09]} Qd8
{[%clk 0:00:32]} 28. Rae1 {[%clk 0:01:09]} Nf6 {[%clk 0:00:20]} 29. Bf1
{[%clk 0:00:59]} Nd5 {[%clk 0:00:13]} 30. Qd2 {[%clk 0:00:57]} Qf6
{[%clk 0:00:11]} 31. Bc4 {[%clk 0:00:56]} Rad8 {[%clk 0:00:13]} 32. Qe2
{[%clk 0:00:36]} Bf7 {[%clk 0:00:13]} 33. Qd2 {[%clk 0:00:20]} f4
{[%clk 0:00:14]} 34. Bxd5 {[%clk 0:00:11]} Rxd5 {[%clk 0:00:13]} 35. Rxd5
{[%clk 0:00:09]} exd5 {[%clk 0:00:14]} 36. Rxe8+ Bxe8 {[%clk 0:00:14]} 37. Qxf4
{[%clk 0:00:04]} Qxf4 {[%clk 0:00:15]} 38. gxf4 {[%clk 0:00:05]} Kf7
{[%clk 0:00:15]} 39. f5 {[%clk 0:00:05]} Kf6 {[%clk 0:00:14]} 40. Bf8
{[%clk 0:00:05]} h5 {[%clk 0:00:14]} 41. Kf2 {[%clk 0:00:06]} g6 {[%clk 0:00:13]}
42. fxg6 Bxg6 43. Ke3 {[%clk 0:00:05]} Bc2 {[%clk 0:00:16]} 44. Kd2
{[%clk 0:00:04]} Bxa4 {[%clk 0:00:17]} 45. Bd6 {[%clk 0:00:05]} Bxb5
{[%clk 0:00:15]} 46. Bxc7 {[%clk 0:00:06]} Bxc6 {[%clk 0:00:16]} 47. Bxb6
{[%clk 0:00:07]} a4 {[%clk 0:00:17]} 48. Bc5 {[%clk 0:00:07]} Kg5
{[%clk 0:00:18]} 49. Ke3 {[%clk 0:00:08]} Kh4 {[%clk 0:00:19]} 50. Bd6
{[%clk 0:00:08]} Bd7 {[%clk 0:00:19]} 51. Kf4 {[%clk 0:00:08]} Bb5
{[%clk 0:00:10]} 52. Ke5 {[%clk 0:00:09]} Be2 {[%clk 0:00:10]} 53. f4
{[%clk 0:00:10]} Bb5 {[%clk 0:00:09]} 54. f5 {[%clk 0:00:11]} Kg5
{[%clk 0:00:10]} 55. Be7+ {[%clk 0:00:12]} Kh6 {[%clk 0:00:11]} 56. Kxd5
{[%clk 0:00:13]} Bd7 {[%clk 0:00:11]} 57. f6 {[%clk 0:00:13]} Kg6
{[%clk 0:00:13]} 58. Ke5 {[%clk 0:00:13]} Kf7 {[%clk 0:00:13]} 59. d5
{[%clk 0:00:14]} Bg4 {[%clk 0:00:13]} 60. Ba3 {[%clk 0:00:14]} Bf3
{[%clk 0:00:10]} 61. Bb2 {[%clk 0:00:15]} Bg2 {[%clk 0:00:10]} 62. d6
{[%clk 0:00:15]} Bc6 {[%clk 0:00:10]} 63. Kf5 {[%clk 0:00:16]} h4
{[%clk 0:00:08]} 64. Kg4 Ke6 65. Kg5 {[%clk 0:00:12]} Be8 {[%clk 0:00:10]} 66.
Ba3 {[%clk 0:00:10]} h3 {[%clk 0:00:09]} 67. Kg4 {[%clk 0:00:11]} Kxf6 68. Kxh3
Bd7+ {[%clk 0:00:05]} 69. Kh4 {[%clk 0:00:11]} Kg6 {[%clk 0:00:06]} 70. Kg3
{[%clk 0:00:12]} Kh5 {[%clk 0:00:07]} 71. Bb4 {[%clk 0:00:10]} Be6
{[%clk 0:00:07]} 72. Kf4 {[%clk 0:00:09]} Bd7 {[%clk 0:00:08]} 73. Ke5
{[%clk 0:00:08]} Kg4 {[%clk 0:00:09]} 74. Kf6 {[%clk 0:00:09]} Kh3
{[%clk 0:00:10]} 75. Ke7 {[%clk 0:00:10]} Bb5 {[%clk 0:00:12]} 76. d7 1/2-1/2

[Event "Blitz 2018"]
[Site "Saint-Petersburg"]
[Date "2018.12.29"]
[Round "9"]
[Board "54"]
[White "Sarana Alexey (RUS)"]
[Black "Sanal Vahap (TUR)"]
[Result "1-0"]
[LiveChessVersion "1.4.8"]
[BlackElo "2488"]
[WhiteElo "2616"]

1. d4 {[%clk 0:03:03]} Nf6 {[%clk 0:03:03]} 2. Bg5 {[%clk 0:03:04]} e6
{[%clk 0:03:04]} 3. e4 {[%clk 0:03:04]} h6 {[%clk 0:03:05]} 4. Bxf6
{[%clk 0:03:04]} Qxf6 {[%clk 0:03:06]} 5. c3 {[%clk 0:03:05]} d6 {[%clk 0:03:06]}
6. Bd3 {[%clk 0:03:05]} g6 {[%clk 0:03:07]} 7. Ne2 {[%clk 0:03:06]} Bg7
{[%clk 0:03:08]} 8. O-O {[%clk 0:03:06]} Qe7 {[%clk 0:03:09]} 9. f4
{[%clk 0:03:07]} e5 {[%clk 0:03:10]} 10. Nd2 {[%clk 0:03:04]} Nc6
{[%clk 0:03:00]} 11. Nf3 {[%clk 0:03:03]} exd4 {[%clk 0:02:55]} 12. cxd4
{[%clk 0:03:03]} O-O {[%clk 0:02:50]} 13. e5 {[%clk 0:02:56]} Bg4
{[%clk 0:02:43]} 14. Be4 {[%clk 0:02:55]} dxe5 {[%clk 0:02:07]} 15. dxe5
{[%clk 0:02:55]} Rfd8 {[%clk 0:02:01]} 16. Qc2 {[%clk 0:02:55]} Nb4
{[%clk 0:01:55]} 17. Qc3 {[%clk 0:02:31]} Nd5 {[%clk 0:01:54]} 18. Qb3
{[%clk 0:02:31]} Be6 {[%clk 0:01:31]} 19. Qa4 {[%clk 0:02:10]} Qc5+
{[%clk 0:01:09]} 20. Kh1 {[%clk 0:02:11]} Qe3 {[%clk 0:01:07]} 21. Bxd5
{[%clk 0:01:56]} Bxd5 {[%clk 0:01:03]} 22. Nc3 {[%clk 0:01:55]} Bc6
{[%clk 0:01:00]} 23. Qc4 {[%clk 0:01:55]} Qd3 {[%clk 0:00:50]} 24. Qb3
{[%clk 0:01:52]} Qf5 {[%clk 0:00:45]} 25. Qc4 {[%clk 0:01:36]} Qd3
{[%clk 0:00:46]} 26. Qb3 {[%clk 0:01:37]} Qf5 {[%clk 0:00:47]} 27. Rae1
{[%clk 0:01:22]} Qxf4 {[%clk 0:00:32]} 28. e6 {[%clk 0:01:23]} fxe6
{[%clk 0:00:29]} 29. Rxe6 {[%clk 0:01:22]} Kh7 {[%clk 0:00:22]} 30. Ne2
{[%clk 0:00:57]} Qa4 {[%clk 0:00:11]} 31. Qe3 {[%clk 0:00:53]} Re8
{[%clk 0:00:07]} 32. Nf4 {[%clk 0:00:38]} Rxe6 {[%clk 0:00:08]} 33. Nxe6
{[%clk 0:00:39]} Re8 {[%clk 0:00:09]} 34. Nfg5+ {[%clk 0:00:22]} hxg5
{[%clk 0:00:05]} 35. Qh3+ {[%clk 0:00:23]} Kg8 {[%clk 0:00:05]} 36. Nxg5
{[%clk 0:00:23]} Bh6 {[%clk 0:00:03]} 37. Qxh6 {[%clk 0:00:21]} Bxg2+
{[%clk 0:00:04]} 38. Kxg2 {[%clk 0:00:22]} Re2+ {[%clk 0:00:04]} 39. Kg3
{[%clk 0:00:18]} Re3+ {[%clk 0:00:04]} 40. Nf3 {[%clk 0:00:18]} Qe8
{[%clk 0:00:05]} 41. Qf4 {[%clk 0:00:16]} Qe7 {[%clk 0:00:04]} 42. Qc4+
{[%clk 0:00:15]} Kg7 {[%clk 0:00:04]} 43. Qd4+ {[%clk 0:00:16]} Kg8
{[%clk 0:00:05]} 44. Kg2 {[%clk 0:00:13]} c5 {[%clk 0:00:07]} 45. Qd5+
{[%clk 0:00:14]} Kg7 {[%clk 0:00:08]} 46. Rf2 {[%clk 0:00:12]} Re4
{[%clk 0:00:09]} 47. Rd2 {[%clk 0:00:12]} Kh6 {[%clk 0:00:06]} 48. Kf2
{[%clk 0:00:10]} Rf4 {[%clk 0:00:05]} 49. Qd3 {[%clk 0:00:08]} Qf6
{[%clk 0:00:06]} 50. Qe3 {[%clk 0:00:09]} g5 {[%clk 0:00:05]} 51. Kg2
{[%clk 0:00:10]} Rg4+ {[%clk 0:00:06]} 52. Kh1 {[%clk 0:00:10]} Rf4
{[%clk 0:00:08]} 53. Ne5 {[%clk 0:00:07]} Qf5 {[%clk 0:00:07]} 54. Re2
{[%clk 0:00:04]} Qb1+ {[%clk 0:00:06]} 55. Kg2 {[%clk 0:00:06]} Qf5
{[%clk 0:00:05]} 56. Qh3+ {[%clk 0:00:06]} Qxh3+ 57. Kxh3 {[%clk 0:00:07]} b5
{[%clk 0:00:05]} 58. Kg3 {[%clk 0:00:07]} c4 {[%clk 0:00:06]} 59. Ng4+
{[%clk 0:00:08]} Kg6 {[%clk 0:00:07]} 60. Re6+ {[%clk 0:00:10]} Kf7
{[%clk 0:00:05]} 61. Re5 {[%clk 0:00:11]} b4 {[%clk 0:00:06]} 62. Rxg5
{[%clk 0:00:11]} Rd4 {[%clk 0:00:07]} 63. Rc5 {[%clk 0:00:12]} Ke6
{[%clk 0:00:07]} 64. h4 {[%clk 0:00:13]} Kd6 {[%clk 0:00:07]} 65. Rc8
{[%clk 0:00:14]} Kd7 {[%clk 0:00:09]} 66. Rf8 {[%clk 0:00:10]} Rd2
{[%clk 0:00:10]} 67. Rf2 {[%clk 0:00:11]} Rd3+ {[%clk 0:00:11]} 68. Kf4
{[%clk 0:00:11]} c3 {[%clk 0:00:07]} 69. Ne5+ {[%clk 0:00:12]} 1-0

[Event "Blitz 2018"]
[Site "Saint-Petersburg"]
[Date "2018.12.29"]
[Round "9"]
[Board "55"]
[White "Zhigalko Andrey (BLR)"]
[Black "Rakhmanov Aleksandr (RUS)"]
[Result "1/2-1/2"]
[LiveChessVersion "1.4.8"]
[BlackElo "2615"]
[WhiteElo "2493"]

1. e4 {[%clk 0:03:03]} d5 {[%clk 0:03:03]} 2. exd5 {[%clk 0:03:04]} Qxd5
{[%clk 0:03:04]} 3. Nf3 {[%clk 0:03:05]} g6 {[%clk 0:03:05]} 4. d4
{[%clk 0:03:01]} Bg7 {[%clk 0:03:03]} 5. c4 {[%clk 0:03:00]} Qd8 {[%clk 0:03:04]}
6. h3 {[%clk 0:02:55]} Nh6 {[%clk 0:03:04]} 7. Nc3 {[%clk 0:02:38]} Nf5
{[%clk 0:03:03]} 8. d5 {[%clk 0:02:37]} c6 {[%clk 0:03:05]} 9. Be2
{[%clk 0:02:25]} cxd5 {[%clk 0:03:01]} 10. cxd5 {[%clk 0:02:26]} O-O
{[%clk 0:02:58]} 11. O-O {[%clk 0:02:27]} b6 {[%clk 0:02:53]} 12. Bf4
{[%clk 0:02:20]} Bb7 {[%clk 0:02:54]} 13. Be5 {[%clk 0:02:19]} Nd7
{[%clk 0:02:50]} 14. Bxg7 {[%clk 0:02:19]} Kxg7 {[%clk 0:02:51]} 15. Nd4
{[%clk 0:02:11]} Nxd4 {[%clk 0:02:51]} 16. Qxd4+ {[%clk 0:02:11]} Nf6
{[%clk 0:02:52]} 17. Bf3 {[%clk 0:01:54]} Rc8 {[%clk 0:02:42]} 18. Rfe1
{[%clk 0:01:54]} Qd7 {[%clk 0:02:41]} 19. Bg4 {[%clk 0:01:26]} e6
{[%clk 0:02:41]} 20. Ne4 {[%clk 0:01:22]} Qd8 {[%clk 0:02:42]} 21. Nxf6
{[%clk 0:01:07]} Qxf6 {[%clk 0:02:42]} 22. Qxf6+ {[%clk 0:01:08]} Kxf6
{[%clk 0:02:42]} 23. dxe6 {[%clk 0:01:09]} Rce8 {[%clk 0:01:54]} 24. exf7
{[%clk 0:01:04]} Rxe1+ {[%clk 0:01:54]} 25. Rxe1 {[%clk 0:01:05]} Rxf7
{[%clk 0:01:51]} 26. Re6+ {[%clk 0:00:28]} Kg7 {[%clk 0:01:43]} 27. Rd6
{[%clk 0:00:29]} h5 {[%clk 0:01:41]} 28. Be6 {[%clk 0:00:24]} Rc7
{[%clk 0:01:36]} 29. Rd7+ {[%clk 0:00:15]} Rxd7 {[%clk 0:01:37]} 30. Bxd7
{[%clk 0:00:16]} Kf6 {[%clk 0:01:32]} 31. f4 {[%clk 0:00:12]} h4 {[%clk 0:01:12]}
32. Kf2 {[%clk 0:00:13]} Bd5 {[%clk 0:00:34]} 33. a3 {[%clk 0:00:13]} Be4
{[%clk 0:00:35]} 34. Bg4 {[%clk 0:00:10]} g5 {[%clk 0:00:18]} 35. Bf3
{[%clk 0:00:08]} Bg6 {[%clk 0:00:07]} 36. g3 {[%clk 0:00:08]} gxf4
{[%clk 0:00:06]} 37. gxf4 {[%clk 0:00:09]} Ke6 {[%clk 0:00:04]} 38. Ke3
{[%clk 0:00:09]} Kd6 {[%clk 0:00:05]} 39. Be4 {[%clk 0:00:07]} Bh5
{[%clk 0:00:06]} 40. Kd4 {[%clk 0:00:05]} Be2 {[%clk 0:00:07]} 41. Bg2
{[%clk 0:00:05]} Bh5 {[%clk 0:00:07]} 42. f5 {[%clk 0:00:05]} Be2
{[%clk 0:00:08]} 43. b4 {[%clk 0:00:06]} Bd1 {[%clk 0:00:09]} 44. Ke4
{[%clk 0:00:06]} Be2 {[%clk 0:00:08]} 45. Kf4 {[%clk 0:00:06]} Bd3
{[%clk 0:00:07]} 46. Bf3 {[%clk 0:00:05]} Bc2 {[%clk 0:00:07]} 47. Kg5
{[%clk 0:00:06]} Ke5 {[%clk 0:00:08]} 48. Bg4 {[%clk 0:00:07]} a5
{[%clk 0:00:08]} 49. bxa5 {[%clk 0:00:07]} bxa5 {[%clk 0:00:09]} 50. Kxh4
{[%clk 0:00:07]} Bxf5 {[%clk 0:00:09]} 51. Bxf5 {[%clk 0:00:05]} Kxf5
{[%clk 0:00:11]} 52. a4 {[%clk 0:00:06]} Kf4 {[%clk 0:00:11]} 53. Kh5
{[%clk 0:00:06]} Kf5 {[%clk 0:00:12]} 54. Kh6 {[%clk 0:00:05]} Kf6
{[%clk 0:00:12]} 55. h4 {[%clk 0:00:06]} Kf5 {[%clk 0:00:10]} 56. Kg7
{[%clk 0:00:04]} Kg4 {[%clk 0:00:11]} 57. Kf6 {[%clk 0:00:05]} Kxh4
{[%clk 0:00:13]} 58. Ke5 {[%clk 0:00:06]} Kg5 {[%clk 0:00:14]} 59. Kd6
{[%clk 0:00:08]} Kf6 {[%clk 0:00:15]} 60. Kc6 {[%clk 0:00:09]} Ke7
{[%clk 0:00:17]} 61. Kb6 {[%clk 0:00:11]} Kd8 {[%clk 0:00:18]} 62. Kxa5
{[%clk 0:00:12]} Kc7 {[%clk 0:00:20]} 1/2-1/2

[Event "Blitz 2018"]
[Site "Saint-Petersburg"]
[Date "2018.12.29"]
[Round "9"]
[Board "56"]
[White "Sanikidze Tornike (GEO)"]
[Black "Shaposhnikov Evgeny (RUS)"]
[Result "0-1"]
[LiveChessVersion "1.4.8"]
[BlackElo "2603"]
[WhiteElo "2484"]

1. d4 {[%clk 0:03:02]} Nf6 {[%clk 0:03:03]} 2. c4 {[%clk 0:03:03]} e6
{[%clk 0:03:04]} 3. Nf3 {[%clk 0:03:04]} b6 {[%clk 0:03:05]} 4. a3
{[%clk 0:03:05]} Bb7 {[%clk 0:03:05]} 5. Nc3 {[%clk 0:03:06]} g6 {[%clk 0:03:05]}
6. Qc2 {[%clk 0:03:06]} Bxf3 {[%clk 0:02:53]} 7. exf3 {[%clk 0:03:05]} Bg7
{[%clk 0:02:52]} 8. d5 {[%clk 0:02:59]} O-O {[%clk 0:02:49]} 9. Be2
{[%clk 0:02:56]} exd5 {[%clk 0:02:43]} 10. cxd5 {[%clk 0:02:56]} c6
{[%clk 0:02:41]} 11. O-O {[%clk 0:02:32]} Nxd5 {[%clk 0:02:36]} 12. Nxd5
{[%clk 0:02:28]} cxd5 {[%clk 0:02:37]} 13. Rd1 {[%clk 0:02:10]} d4
{[%clk 0:02:36]} 14. Rb1 {[%clk 0:02:03]} Nc6 {[%clk 0:02:35]} 15. b4
{[%clk 0:02:04]} Re8 {[%clk 0:02:33]} 16. Bb2 {[%clk 0:01:58]} Rc8
{[%clk 0:02:25]} 17. Qd2 {[%clk 0:01:56]} Qe7 {[%clk 0:02:09]} 18. Ba6
{[%clk 0:01:52]} Rcd8 {[%clk 0:02:07]} 19. Rbc1 {[%clk 0:01:52]} h5
{[%clk 0:02:04]} 20. f4 {[%clk 0:01:19]} h4 {[%clk 0:02:02]} 21. g3
{[%clk 0:01:20]} hxg3 {[%clk 0:01:57]} 22. hxg3 {[%clk 0:01:20]} Qe4
{[%clk 0:01:51]} 23. Bf1 {[%clk 0:01:16]} Bf6 {[%clk 0:01:43]} 24. Bg2
{[%clk 0:01:13]} Qe2 {[%clk 0:01:42]} 25. Bxc6 {[%clk 0:01:11]} dxc6
{[%clk 0:01:43]} 26. Rxc6 {[%clk 0:01:11]} Kg7 {[%clk 0:01:32]} 27. Rc2
{[%clk 0:00:58]} Qf3 {[%clk 0:01:31]} 28. Qd3 {[%clk 0:00:13]} Re1+
{[%clk 0:01:31]} 0-1

[Event "Blitz 2018"]
[Site "Saint-Petersburg"]
[Date "2018.12.29"]
[Round "9"]
[Board "57"]
[White "Gareyev Timur (USA)"]
[Black "Iljiushenok Ilia (RUS)"]
[Result "0-1"]
[LiveChessVersion "1.4.8"]
[BlackElo "2467"]
[WhiteElo "2577"]

1. c4 {[%clk 0:03:02]} Nf6 {[%clk 0:03:03]} 2. Nc3 {[%clk 0:03:02]} g6
{[%clk 0:03:04]} 3. e4 {[%clk 0:03:03]} d6 {[%clk 0:03:04]} 4. d4
{[%clk 0:03:02]} Bg7 {[%clk 0:03:05]} 5. Bg5 {[%clk 0:03:03]} h6 {[%clk 0:03:02]}
6. Bh4 {[%clk 0:03:03]} O-O {[%clk 0:02:57]} 7. Bd3 {[%clk 0:02:58]} c5
{[%clk 0:02:14]} 8. d5 {[%clk 0:02:57]} e6 {[%clk 0:02:13]} 9. Nge2
{[%clk 0:02:56]} exd5 {[%clk 0:02:10]} 10. cxd5 {[%clk 0:02:53]} Nbd7
{[%clk 0:02:05]} 11. O-O {[%clk 0:02:53]} a6 {[%clk 0:02:00]} 12. a4
{[%clk 0:02:52]} Qc7 {[%clk 0:01:52]} 13. b3 {[%clk 0:02:17]} Re8
{[%clk 0:01:46]} 14. f4 {[%clk 0:02:15]} c4 {[%clk 0:01:15]} 15. Bxc4
{[%clk 0:02:16]} Nxe4 {[%clk 0:01:11]} 16. Nxe4 {[%clk 0:02:17]} Rxe4
{[%clk 0:01:10]} 17. Rc1 {[%clk 0:02:12]} Nc5 {[%clk 0:00:44]} 18. Ng3
{[%clk 0:02:13]} Rd4 {[%clk 0:00:36]} 19. Qe2 {[%clk 0:01:34]} Bd7
{[%clk 0:00:38]} 20. Rce1 {[%clk 0:01:16]} Re8 {[%clk 0:00:35]} 21. Qxe8+
{[%clk 0:01:04]} Bxe8 {[%clk 0:00:37]} 22. Rxe8+ {[%clk 0:01:05]} Kh7
{[%clk 0:00:38]} 23. Re7 {[%clk 0:01:06]} Qb6 {[%clk 0:00:38]} 24. a5
{[%clk 0:01:07]} Qa7 {[%clk 0:00:34]} 25. Kh1 {[%clk 0:00:50]} Nd3
{[%clk 0:00:30]} 26. Rxf7 {[%clk 0:00:47]} Kg8 {[%clk 0:00:22]} 27. Rxg7+
{[%clk 0:00:39]} Kxg7 {[%clk 0:00:23]} 28. Ne2 {[%clk 0:00:34]} Rxc4
{[%clk 0:00:21]} 29. bxc4 {[%clk 0:00:35]} Qe3 {[%clk 0:00:22]} 30. Ng1
{[%clk 0:00:23]} Nxf4 {[%clk 0:00:18]} 31. Bg3 {[%clk 0:00:23]} g5
{[%clk 0:00:18]} 32. Rf3 {[%clk 0:00:07]} Qe4 {[%clk 0:00:18]} 33. Bxf4
{[%clk 0:00:06]} gxf4 {[%clk 0:00:20]} 34. h4 {[%clk 0:00:05]} Qxc4
{[%clk 0:00:20]} 35. Nh3 {[%clk 0:00:05]} Qxd5 {[%clk 0:00:21]} 36. Nxf4
{[%clk 0:00:07]} Qxa5 {[%clk 0:00:22]} 37. Ne6+ {[%clk 0:00:07]} Kg6
{[%clk 0:00:19]} 38. g4 {[%clk 0:00:05]} Qe1+ 39. Kg2 Qxe6 {[%clk 0:00:19]} 0-1

[Event "Blitz 2018"]
[Site "Saint-Petersburg"]
[Date "2018.12.29"]
[Round "9"]
[Board "58"]
[White "Abdusattorov Nodirbek (UZB)"]
[Black "Saric Ivan (CRO)"]
[Result "1-0"]
[LiveChessVersion "1.4.8"]
[BlackElo "2572"]
[WhiteElo "2469"]

1. e4 {[%clk 0:03:02]} g6 {[%clk 0:03:04]} 2. d4 {[%clk 0:03:01]} d6
{[%clk 0:03:05]} 3. Nc3 {[%clk 0:03:00]} Bg7 {[%clk 0:03:06]} 4. f4
{[%clk 0:03:01]} Nf6 {[%clk 0:03:07]} 5. Bd3 {[%clk 0:03:00]} O-O
{[%clk 0:03:08]} 6. Nf3 {[%clk 0:03:01]} Nc6 {[%clk 0:03:09]} 7. O-O
{[%clk 0:02:56]} e5 {[%clk 0:03:10]} 8. d5 {[%clk 0:02:50]} Ne7 {[%clk 0:03:11]}
9. fxe5 {[%clk 0:02:48]} dxe5 {[%clk 0:03:12]} 10. Bg5 {[%clk 0:02:39]} c6
{[%clk 0:03:11]} 11. Nxe5 {[%clk 0:02:26]} cxd5 {[%clk 0:03:05]} 12. Kh1
{[%clk 0:02:05]} dxe4 {[%clk 0:02:56]} 13. Nxe4 {[%clk 0:01:48]} Nxe4
{[%clk 0:02:56]} 14. Bxe4 {[%clk 0:01:40]} Bxe5 {[%clk 0:02:26]} 15. Qxd8
{[%clk 0:01:31]} Rxd8 {[%clk 0:02:27]} 16. Bxe7 {[%clk 0:01:27]} Re8
{[%clk 0:02:27]} 17. Ba3 {[%clk 0:01:21]} Bxb2 {[%clk 0:01:46]} 18. Bd5
{[%clk 0:01:07]} Bxa1 {[%clk 0:01:10]} 19. Bxf7+ {[%clk 0:01:07]} Kg7
{[%clk 0:01:11]} 20. Bxe8 {[%clk 0:01:06]} Bf5 {[%clk 0:01:11]} 21. Ba4
{[%clk 0:00:56]} Bc3 {[%clk 0:01:02]} 22. Rd1 {[%clk 0:00:49]} a6
{[%clk 0:00:45]} 23. h3 {[%clk 0:00:32]} b5 {[%clk 0:00:45]} 24. Bb3
{[%clk 0:00:32]} Re8 {[%clk 0:00:40]} 25. g4 {[%clk 0:00:24]} Be4+
{[%clk 0:00:41]} 26. Kg1 {[%clk 0:00:24]} b4 {[%clk 0:00:24]} 27. Rd7+
{[%clk 0:00:22]} Kh8 {[%clk 0:00:14]} 28. Bc1 {[%clk 0:00:20]} Bc6
{[%clk 0:00:14]} 29. Rc7 {[%clk 0:00:17]} Bd4+ {[%clk 0:00:10]} 30. Kf1
{[%clk 0:00:14]} Bb5+ {[%clk 0:00:10]} 31. Bc4 {[%clk 0:00:13]} Be5
{[%clk 0:00:05]} 32. Bxb5 {[%clk 0:00:06]} Rf8+ {[%clk 0:00:07]} 33. Ke2
{[%clk 0:00:06]} axb5 34. Rc5 1-0

[Event "Blitz 2018"]
[Site "Saint-Petersburg"]
[Date "2018.12.29"]
[Round "9"]
[Board "59"]
[White "Reshetnikov Alexey (RUS)"]
[Black "Grachev Boris (RUS)"]
[Result "1-0"]
[LiveChessVersion "1.4.8"]
[BlackElo "2571"]
[WhiteElo "2473"]

1. b3 {[%clk 0:03:02]} d5 {[%clk 0:03:03]} 2. Bb2 {[%clk 0:03:03]} Bf5
{[%clk 0:03:04]} 3. Nf3 {[%clk 0:03:04]} e6 {[%clk 0:03:05]} 4. e3
{[%clk 0:03:05]} h6 {[%clk 0:03:04]} 5. c4 {[%clk 0:03:05]} c6 {[%clk 0:03:05]}
6. Be2 {[%clk 0:03:06]} Nf6 {[%clk 0:03:05]} 7. O-O {[%clk 0:03:06]} Bd6
{[%clk 0:03:05]} 8. Qc1 {[%clk 0:02:54]} O-O {[%clk 0:03:02]} 9. d4
{[%clk 0:02:54]} Nbd7 {[%clk 0:02:58]} 10. Ba3 {[%clk 0:02:56]} Bxa3
{[%clk 0:02:55]} 11. Qxa3 {[%clk 0:02:53]} Bxb1 {[%clk 0:02:55]} 12. Raxb1
{[%clk 0:02:53]} Ne4 {[%clk 0:02:56]} 13. Rbc1 {[%clk 0:02:53]} a5
{[%clk 0:02:55]} 14. Bd3 {[%clk 0:02:48]} f5 {[%clk 0:02:56]} 15. Qb2
{[%clk 0:02:44]} Qe7 {[%clk 0:02:56]} 16. Rfe1 {[%clk 0:02:37]} Ng5
{[%clk 0:02:47]} 17. Nxg5 {[%clk 0:02:09]} hxg5 {[%clk 0:02:40]} 18. a3
{[%clk 0:02:08]} g4 {[%clk 0:02:36]} 19. Ra1 {[%clk 0:02:00]} Nf6
{[%clk 0:02:09]} 20. b4 {[%clk 0:01:58]} axb4 {[%clk 0:02:05]} 21. axb4
{[%clk 0:01:59]} Ne4 {[%clk 0:01:57]} 22. b5 {[%clk 0:01:54]} Kh7
{[%clk 0:01:38]} 23. bxc6 {[%clk 0:01:42]} bxc6 {[%clk 0:01:39]} 24. Qb6
{[%clk 0:01:40]} Qd6 {[%clk 0:01:26]} 25. c5 {[%clk 0:00:55]} Qd7
{[%clk 0:01:22]} 26. Rxa8 {[%clk 0:00:52]} Rxa8 {[%clk 0:01:23]} 27. Rb1
{[%clk 0:00:53]} Ra2 {[%clk 0:01:16]} 28. Bxe4 {[%clk 0:00:49]} fxe4
{[%clk 0:01:17]} 29. Qb8 {[%clk 0:00:45]} Qf7 {[%clk 0:01:11]} 30. Qg3
{[%clk 0:00:43]} Qf5 {[%clk 0:01:11]} 31. Rf1 {[%clk 0:00:37]} Ra6
{[%clk 0:00:50]} 32. Qh4+ {[%clk 0:00:34]} Kg6 {[%clk 0:00:50]} 33. Qd8
{[%clk 0:00:36]} Qf7 {[%clk 0:00:09]} 34. Qc8 {[%clk 0:00:37]} Ra2
{[%clk 0:00:05]} 35. Qxc6 {[%clk 0:00:37]} Kf6 {[%clk 0:00:04]} 36. Qd6
{[%clk 0:00:38]} Qa7 {[%clk 0:00:05]} 37. Qf4+ {[%clk 0:00:38]} Kg6
{[%clk 0:00:05]} 38. Qxg4+ {[%clk 0:00:39]} Kh7 {[%clk 0:00:07]} 39. Qh5+
{[%clk 0:00:32]} Kg8 {[%clk 0:00:08]} 40. Qe8+ {[%clk 0:00:33]} Kh7
{[%clk 0:00:09]} 41. Qxe6 {[%clk 0:00:31]} Ra1 {[%clk 0:00:10]} 42. Qf5+
{[%clk 0:00:32]} Kh8 {[%clk 0:00:08]} 43. Qh5+ {[%clk 0:00:32]} Kg8
{[%clk 0:00:09]} 44. Qxd5+ {[%clk 0:00:33]} Kh8 {[%clk 0:00:10]} 45. Qc4
{[%clk 0:00:32]} Ra4 {[%clk 0:00:09]} 46. Qc2 {[%clk 0:00:32]} Ra1
{[%clk 0:00:08]} 47. g3 {[%clk 0:00:20]} Rxf1+ {[%clk 0:00:06]} 48. Kxf1
{[%clk 0:00:22]} Qa6+ {[%clk 0:00:07]} 49. Kg2 {[%clk 0:00:23]} Qe6
{[%clk 0:00:05]} 50. c6 {[%clk 0:00:23]} Qf5 {[%clk 0:00:04]} 51. c7
{[%clk 0:00:23]} Qc8 {[%clk 0:00:04]} 52. d5 {[%clk 0:00:24]} Kh7
{[%clk 0:00:05]} 53. Qxe4+ {[%clk 0:00:24]} g6 {[%clk 0:00:03]} 54. d6
{[%clk 0:00:24]} Kh6 {[%clk 0:00:05]} 55. Qh4+ {[%clk 0:00:24]} Kg7
{[%clk 0:00:06]} 56. Qe7+ {[%clk 0:00:25]} Kh6 {[%clk 0:00:07]} 57. d7
{[%clk 0:00:21]} Qb7+ {[%clk 0:00:09]} 58. e4 {[%clk 0:00:22]} 1-0

[Event "Blitz 2018"]
[Site "Saint-Petersburg"]
[Date "2018.12.29"]
[Round "9"]
[Board "60"]
[White "Khanin Semen (RUS)"]
[Black "Danielyan Vahe (ARM)"]
[Result "1-0"]
[LiveChessVersion "1.4.8"]
[BlackElo "2417"]
[WhiteElo "2564"]

1. e4 {[%clk 0:03:02]} e5 {[%clk 0:03:04]} 2. Nf3 {[%clk 0:03:03]} Nc6
{[%clk 0:03:05]} 3. Bc4 {[%clk 0:03:01]} Bc5 {[%clk 0:03:06]} 4. O-O
{[%clk 0:02:57]} Nf6 {[%clk 0:03:07]} 5. d3 {[%clk 0:02:58]} a6 {[%clk 0:03:08]}
6. c3 {[%clk 0:02:51]} Ba7 {[%clk 0:03:09]} 7. Nbd2 {[%clk 0:02:46]} d6
{[%clk 0:03:10]} 8. Bb3 {[%clk 0:02:45]} O-O {[%clk 0:03:10]} 9. h3
{[%clk 0:02:45]} Ne7 {[%clk 0:03:11]} 10. Re1 {[%clk 0:02:46]} Ng6
{[%clk 0:03:12]} 11. Nf1 {[%clk 0:02:45]} Nh5 {[%clk 0:02:55]} 12. d4
{[%clk 0:02:26]} Qe8 {[%clk 0:02:22]} 13. Nxe5 {[%clk 0:01:49]} dxe5
{[%clk 0:02:20]} 14. Qxh5 {[%clk 0:01:49]} exd4 {[%clk 0:02:19]} 15. cxd4
{[%clk 0:01:26]} Bxd4 {[%clk 0:02:20]} 16. Nh2 {[%clk 0:01:22]} Be6
{[%clk 0:02:18]} 17. Nf3 {[%clk 0:01:19]} Bf6 {[%clk 0:02:03]} 18. e5
{[%clk 0:01:16]} Be7 {[%clk 0:02:00]} 19. Bg5 {[%clk 0:00:47]} Bxb3
{[%clk 0:01:42]} 20. axb3 {[%clk 0:00:43]} h6 {[%clk 0:01:23]} 21. Be3
{[%clk 0:00:27]} Rd8 {[%clk 0:01:14]} 22. Rac1 {[%clk 0:00:26]} c6
{[%clk 0:01:12]} 23. Rc4 {[%clk 0:00:25]} Rd5 {[%clk 0:00:58]} 24. Rg4
{[%clk 0:00:17]} a5 {[%clk 0:00:39]} 25. Bxh6 {[%clk 0:00:17]} gxh6
{[%clk 0:00:35]} 26. Qxh6 {[%clk 0:00:18]} Bb4 {[%clk 0:00:24]} 27. e6
{[%clk 0:00:13]} Rd6 {[%clk 0:00:15]} 28. Ng5 {[%clk 0:00:13]} 1-0